Poemas mano a mano [ (Record no. 4851)

MARC details
000 -LEADER
campo de control de longitud fija 01032njm a2200241 i 4500
001 - NÚMERO DE CONTROL
campo de control 4851
003 - IDENTIFICADOR DE NÚMERO DE CONTROL
campo de control ES-MaACL
007 - CAMPO FIJO DE DESCRIPCIÓN FÍSICA--INFORMACIÓN GENERAL
campo de control de longitud fija s|r|||||||||||
008 - DATOS DE LONGITUD FIJA--INFORMACIÓN GENERAL
campo de control de longitud fija 070820s1977 sp ||| g ||||||||1|nspa d
100 1# - ENTRADA PRINCIPAL--NOMBRE DE PERSONA
Nombre de persona Uceta, Acacia,
Fechas asociadas al nombre 1925-2002
9 (RLIN) 111853
245 10 - MENCIÓN DEL TÍTULO
Título Poemas mano a mano [
Medio Grabación sonora] /
Mención de responsabilidad, etc. intervienen Acacia Uceta y Enrique Domínguez Millán.
260 ## - PUBLICACIÓN, DISTRIBUCIÓN, ETC.
Lugar de publicación, distribución, etc. Madrid :
Nombre del editor, distribuidor, etc. Ateneo de Madrid,
Fecha de publicación, distribución, etc. 1977.
300 ## - DESCRIPCIÓN FÍSICA
Extensión 2 discos (CD-DA) (1 h. 31 min. 15 seg.) ;
Dimensiones 12 cm.
500 ## - NOTA GENERAL
Nota general Datos basados en la invitación.
518 ## - NOTA DE FECHA/HORA Y LUGAR DE UN ACONTECIMIENTO
Nota de fecha/hora y lugar de un acontecimiento Acto organizado por el Aula de Poesía del Ateneo de Madrid, grabado en la sala de conferencias el miércoles 21 de diciembre de 1977, a las 20:00 h.
610 24 - PUNTO DE ACCESO ADICIONAL DE MATERIA--NOMBRE DE ENTIDAD CORPORATIVA
Nombre de entidad corporativa o nombre de jurisdicción como elemento de entrada Ateneo de Madrid-
Subdivisión general Actos culturales-
Subdivisión cronológica 1977-
Subdivisión de forma Grabaciones sonoras.
9 (RLIN) 1887
700 1# - ENTRADA AGREGADA--NOMBRE PERSONAL
Nombre de persona Domínguez Millán, Enrique
9 (RLIN) 45226
710 2# - ENTRADA AGREGADA--NOMBRE DE ENTIDAD CORPORATIVA
Nombre de entidad corporativa o nombre de jurisdicción como elemento de entrada Ateneo de Madrid.
Unidad subordinada Aula de Poesía.
9 (RLIN) 1949
852 ## - LOCALIZACIÓN
Ubicación ES-MaACL
Ubicación en estantería Rotativo
Número de control de estantería ROT 4/2/10
itemnumber 4968
852 ## - LOCALIZACIÓN
Ubicación ES-MaACL
Ubicación en estantería Rotativo
Número de control de estantería ROT 4/2/11
itemnumber 203093
942 ## - ELEMENTOS DE ENTRADA SECUNDARIOS (KOHA)
Fuente del sistema de clasificación o colocación Clasificación decimal universal
Tipo de ítem Koha Archivo de ordenador en CD-ROM, CD o disquete
Holdings
Estatus retirado Estado de pérdida Fuente del sistema de clasificación o colocación Estado de daño No para préstamo Colección Biblioteca de origen Biblioteca actual Ubicación en estantería Fecha de adquisición Total de préstamos Signatura topográfica completa Código de barras Visto por última vez Precio de reemplazo Tipo de ítem Koha
    Clasificación decimal universal     Archivo de la palabra Biblioteca del Ateneo de Madrid Biblioteca del Ateneo de Madrid Rotativo 17/01/2008   ROT 4/2/10 1004914 23/02/2023 23/02/2023 Archivo de ordenador en CD-ROM, CD o disquete
    Clasificación decimal universal     Archivo de la palabra Biblioteca del Ateneo de Madrid Biblioteca del Ateneo de Madrid Rotativo 17/01/2008   ROT 4/2/11   04/06/2024 23/02/2023 Archivo de ordenador en CD-ROM, CD o disquete